Les meilleurs joueurs sur FIFA 18 - Statistiques

Statistiques générales
  • Ce quiz a été pris 725 fois
    505 depuis la dernière actualisation
  • Le résultat moyen est 22 sur 32
Statistiques - réponses
Note Joueurs Club % Correct
94 Cristiano Ronaldo Real Madrid
100%
93 Lionel Messi FC Barcelone
100%
92 Neymar Jr Paris Saint-Germain
99%
92 Luis Suárez FC Barcelone
94%
91 Robert Lewandowski Bayern Munich
91%
92 Manuel Neuer Bayern Munich
89%
89 Luka Modrić Real Madrid
85%
88 Antoine Griezmann Atletico Madrid
83%
90 Toni Kroos Real Madrid
83%
90 Eden Hazard Chelsea
77%
90 Sergio Ramos Real Madrid
76%
89 Kevin De Bruyne Manchester City
74%
89 Gareth Bale Real Madrid
70%
89 Sergio Agüero Manchester City
70%
90 David de Gea Manchester United
69%
89 Thibaut Courtois Chelsea
67%
88 Thiago Silva Paris Saint-Germain
66%
89 Gianluigi Buffon Juventus
65%
89 Giorgio Chiellini Juventus
65%
88 Paulo Dybala Juventus
61%
88 Hugo Lloris Tottenham
60%
88 Jan Oblak Atletico Madrid
60%
88 Mesut Özil Arsenal
55%
88 Leonardo Bonucci AC Milan
54%
88 Arjen Robben Bayern Munich
53%
90 Gonzalo Higuaín Juventus
49%
88 Mats Hummels Bayern Munich
49%
88 Diego Godín Atletico Madrid
47%
88 Jérôme Boateng Bayern Munich
46%
88 Pierre-Emerick Aubameyang Borussia Dortmund
44%
89 Alexis Sánchez Arsenal
37%
88 Thiago Bayern Munich
24%
Aucun quiz correspondant
Distribution des résultats
% des personnes avec chaque résultat
Percentile par nombre de réponses
Votre historique - résultats
Vous n’avez pas pris ce quiz depuis la dernière actualisation